| 000 | 00519nam a2200181Ia 4500 | ||
|---|---|---|---|
| 008 | 131103s9999 xx 000 0 und d | ||
| 020 | _a783513143 | ||
| 040 | _aLoreto College | ||
| 041 | _aEnglish | ||
| 082 |
_a170/REF _bLCBED/12223 |
||
| 245 | 2 |
_aA new coat of leaves _b a book about accepting the way we like |
|
| 260 |
_aHong kong _bTime life Asia _c1997 |
||
| 300 |
_a32p. _b ill. pic. _c 25cm. |
||
| 440 | _aA child's first library of values | ||
| 650 | _aRefarence | ||
| 850 | _aLCBED/170/REF | ||
| 942 | _cBK | ||
| 999 |
_c31753 _d82232 |
||